Canciones de Feid con números en su título - Estadísticas

Estadísticas generales
  • Esta prueba ha sido intentada 75 veces
    40 desde el último reinicio
  • La puntuación promedio es 13 de 22
Estadísticas de respuestas
ÁLBUM FEAT. Respuesta % Correcto
FEATURINGS ft. Yandel YANDEL 150
88%
FERXXOCALIPSIS ft. Young Miko CLASSY 101
84%
FELIZ CUMPLEAÑOS FERXXO TE PIRATEAMOS EL ÁLBUM - Ferxxo 100
84%
MOR, NO LE TEMAS A LA OSCURIDAD ft. ICON FERXXO 151
84%
MOR, NO LE TEMAS A LA OSCURIDAD - FERXXO 30
72%
FERXXO (VOL 1: M.O.R) - X19X
72%
FEATURINGS ft. Yandel, Daddy Yankee YANKEE 150
66%
LOS 9 DE FERXXO Y SKY ROMPIENDO ft. Sky Rompiendo 1XXX RAXONES
59%
FERXXO VOL X: SAGRADO - Ferxxo 500
59%
FELIZ CUMPLEAÑOS FERXXO TE PIRATEAMOS EL ÁLBUM - X20X
59%
LOS 9 DE FERXXO Y SKY ROMPIENDO ft. Sky Rompiendo 11PM EN ST. REGIS
56%
FERXXOCALIPSIS - 50 PALOS
56%
FEATURINGS ft. Nicky Jam 69
56%
INTER SHIBUYA - LA MAFIA - FERXXO VI
56%
INTER SHIBUYA - LA MAFIA - 14 De Febrero
50%
INTER SHIBUYA (FERXXO EDITION) - 8 DIAX
50%
INTER SHIBUYA - LA MAFIA - JORDAN IV
50%
FEATURINGS ft. Arcángel Arca 10Mil
44%
MOR, NO LE TEMAS A LA OSCURIDAD - VOL. 2
44%
FEATURINGS ft. Álvaro Díaz GATITAS SANDUNGUERAS VOL.1
38%
SINGLES - SORRY 4 THAT MUCH
22%
SINGLES - Mxfix G5
16%
No se encontraron pruebas coincidentes
Distribución de puntuación
Porcentaje de gente con cada puntuación
Porcentaje por número respondido
Historial de tus puntuaciones
No has intentado esta prueba desde el último reinicio